000 01034nam a22002657a 4500
005 20080923102150.0
008 080923t xxu||||| |||| 00| 0 eng d
010 _aENG-91035
020 _c600.00
_a9788188555239
035 _aEN-74568
037 _bDBAD / PUB
040 _adpl
_bEnglish
082 _a398.0954
100 _aVatuk, Ved Prakash.
245 _aEssays in Indian folk traditions:
_cedited by Kira Hall
_bcollected writings of Ved Prakash Vatuk /
260 _aMeerut
_bArchana Publications
_c2007
270 _a286, Chanakya Puri, Sadar
_bMeerut
_e250001
300 _axxx, 472p.
_c22 cm (Hb)
500 _aIncludes bibliographical references.
546 _aIncludes passages in Hindi and Urdu (romanized).
650 _aFolklore
_zIndia.
700 _aHall, Kira,
_d1962-
942 _2ddc
_cEN
_mVAT
_h398.0954
999 _c15588
_d15588